Normal view
MARC view
- Maucourant, Mlle
Entry Nombre Personal
001 - NUMERO DE CONTROL
- campo de control: 53386
003 - IDENTIFICADOR DE NUMERO DE CONTROL
- campo de control: MX-MxUPN
005 - FECHA Y HORA DE LA ÜLTIMA TRANSACCIÓN
- campo de control: 20240901231043.0
008 - DATOS DE LONGITUD FIJA
- campo de control de longitud fija: 240901|| acz||aabn | aba d
024 ## - OTROS IDENTIFICADORES NORMALIZADOS
- Fuente: Viaf
- Número normalizado o código: 209059457
040 ## - FUENTE DE CATALOGACIÓN
- Agencia original de catalogación: SUDOC
- Lenguaje de catalogación: spa
- Agencia de transcripción: SUDOC
- Agencia que lo modifica: MX-MxUPN
100 1# - ENCABEZAMIENTO - NOMBRE PERSONAL
- Nombre personal: Maucourant, Mlle
670 ## - FUENTE EN LA QUE SE LOCALIZARON DATOS
- Cita de la fuente: Viaf, 01 septiembre 2024 :
- Información localizada: (Maucourant, Mlle)
- Uniform Resource Identifier: http://viaf.org/viaf/209059457
902 ## - CATALOGADOR
- Catalogador: MaríaRobles/010924
